000 00592nam a2200217 i 4500
001 C2-0328691
003 PPAK
005 20180728125948.0
008 140902s1988 my a|||| ||||| | may d
040 _aPPAK
_beng
_cPPAK
_erda
082 0 4 _a297.05
_223
090 0 0 _a297.05
_bUTU
_dKMN
245 0 0 _aUtusan Kiblat
264 1 _aKuala Lumpur :
_bUtusan Melayu(M)Bhd ,
_c1988
300 _a66 pages :
_bcolour illustrations ;
_c28 cm
336 _2rdacontent
_atext
337 _2rdamedia
_aunmediated
338 _2rdacarrier
_avolume
650 1 0 _aIslam - Periodicals.
942 _ddc
_cB
999 _c128038
_d128038